000
00317nam a22001337a 4500
008
180920b xxu||||| |||| 00| 0 eng d
020
_a
9780443100574
041
_a
eng
080
_2
20 ED
_a
610
100
_a
3
101
_a
SHM
245
_a
Davidson Principles Practice Of Medical
_c
Boon.N.A
942
_2
udc
_c
BK
999
_c
48102
_d
48102